Navy JROTC Ranks - Statistics

General Stats
  • This quiz has been taken 33 times
  • The average score is 12 of 15
Answer Stats
Paygrade Rank % Correct
C/E-3 Cadet Seaman
100%
C/E-2 Cadet Seaman Apprentice
100%
C/E-1 Cadet Seaman Recruit
100%
C/E-6 Cadet Petty Officer First Class
91%
C/E-5 Cadet Petty Officer Second Class
91%
C/E-4 Cadet Petty Officer Third Class
91%
C/E-7 Cadet Chief Petty Officer
78%
C/O-3 Cadet Lieutenant
78%
C/E-9 Cadet Master Chief Petty Officer
78%
C/E-8 Cadet Senior Chief Petty Officer
78%
C/O-6 Cadet Captain
74%
C/O-1 Cadet Ensign
74%
C/O-2 Cadet Lieutenant Junior Grade
74%
C/O-5 Cadet Commander
70%
C/O-4 Cadet Lieutenant Commander
70%
No matching quizzes found
Score Distribution
Percent of People with Each Score
Percentile by Number Answered
Your Score History
You have not taken this quiz